书目信息 |
| 题名: |
视觉艺术传播与管理研究
|
|
| 作者: | 马骋 , 李利鹏 著 | |
| 分册: | ||
| 出版信息: | 上海 上海大学出版社 2019.08 |
|
| 页数: | 251页 | |
| 开本: | 21cm | |
| 丛书名: | ||
| 单 册: | ||
| 中图分类: | J06 | |
| 科图分类: | ||
| 主题词: | 视觉艺术--shi jue yi shu--文化传播--研究 | |
| 电子资源: | ||
| ISBN: | 978-7-5671-3666-3 | |
| 000 | 01436nam0 2200277 450 | |
| 001 | 2031296078 | |
| 005 | 20201106084142.56 | |
| 010 | @a978-7-5671-3666-3@dCNY42.00 | |
| 100 | @a20190905d2019 em y0chiy50 ea | |
| 101 | 0 | @achi |
| 102 | @aCN@b310000 | |
| 105 | @aa a 000yy | |
| 200 | 1 | @a视觉艺术传播与管理研究@Ashi jue yi shu chuan bo yu guan li yan jiu@e以文化遗产视觉艺术图像当代传播为中心@f马骋, 李利鹏著 |
| 210 | @a上海@c上海大学出版社@d2019.08 | |
| 215 | @a251页@c图@d21cm | |
| 300 | @a上海视觉艺术学院科研部2018预研究项目 | |
| 314 | @a马骋, 毕业于上海师范大学中文系和华东政法大学国际经济法专业。李利鹏, 上海戏剧学院艺术管理专业艺术硕士, 现为上海视觉艺术学院文产学院讲师。 | |
| 320 | @a有书目 | |
| 330 | @a本书试图通过对视觉艺术传播与文化遗产视觉图像交叉研究, 推动文化遗产视觉艺术图像研究由静态研究向动态研究转向。将文化遗产视觉图像放在当代传播平台上, 考察其传播的结果, 判断其传统文化意义在传播中的契合与游离现象, 与此同时, 通过建立受众定制化互动双向的传播对话的管理机制, 架构起传播效果的多维层面, 再辅以文献计量的方法, 对传播效果的多维层面进行计量分析, 得出科学的实证结论。 | |
| 517 | 1 | @a以文化遗产视觉艺术图像当代传播为中心@Ayi wen hua yi chan shi jue yi shu tu xiang dang dai chuan bo wei zhong xin |
| 606 | 0 | @a视觉艺术@Ashi jue yi shu@x文化传播@x研究 |
| 690 | @aJ06@v5 | |
| 701 | 0 | @a马骋@Ama cheng@4著 |
| 701 | 0 | @a李利鹏@Ali li peng@4著 |
| 801 | 0 | @aCN@b人天书店@c20201001 |
| 905 | @aZUCC@dJ06@eM023 | |
| 视觉艺术传播与管理研究:以文化遗产视觉艺术图像当代传播为中心/马骋, 李利鹏著.-上海:上海大学出版社,2019.08 |
| 251页:图;21cm |
| 上海视觉艺术学院科研部2018预研究项目 |
| ISBN 978-7-5671-3666-3:CNY42.00 |
| 本书试图通过对视觉艺术传播与文化遗产视觉图像交叉研究, 推动文化遗产视觉艺术图像研究由静态研究向动态研究转向。将文化遗产视觉图像放在当代传播平台上, 考察其传播的结果, 判断其传统文化意义在传播中的契合与游离现象, 与此同时, 通过建立受众定制化互动双向的传播对话的管理机制, 架构起传播效果的多维层面, 再辅以文献计量的方法, 对传播效果的多维层面进行计量分析, 得出科学的实证结论。 |
| ● |
| 相关链接 |
|
|
|
正题名:视觉艺术传播与管理研究
索取号:J06/M023
 
预约/预借
| 序号 | 登录号 | 条形码 | 馆藏地/架位号 | 状态 | 备注 |
| 1 | 1481254 | 214812540 | 社科库309/309社科库 62排4列1层/ [索取号:J06/M023] | 在馆 | |
| 2 | 1481255 | 214812559 | 社科库309/309社科库 62排4列1层/ [索取号:J06/M023] | 在馆 |